| 000 | 00718cam a2200229 4500 | ||
|---|---|---|---|
| 001 | ABS61709 | ||
| 008 | 000000n1999 000 0 eng u | ||
| 035 | _a(Sirsi) u103254 | ||
| 100 | _aClifford, D. | ||
| 245 | _aStasis demands change in valuation | ||
| 260 | _c1999 | ||
| 490 |
_aEuroProperty _vNovember 1999, 38(1) |
||
| 520 | _aPresents an overview of the French shopping centre market, where investment demand remains high, although there have been few major investment transactions recently. | ||
| 590 | _aABS | ||
| 650 | _aFRANCE | ||
| 650 | _aSHOPPING CENTRES | ||
| 650 | _aINVESTMENT MARKET | ||
| 650 | _aYIELDS | ||
| 650 | _aVALUATION PRACTICE | ||
| 690 | _aINTERNATIONAL-EUROPE | ||
| 942 | _n0 | ||
| 999 |
_c62053 _d62053 |
||